1105 1397 1149 1586 1487 1119 1233 1990 1553 1845 1435 1959 1464 1767 1982 1024 1280 1655 1280 1378 1844 1545 1709 1558 1813 1238 1008 1853 1332 1036 1976 1401 1483 1685 1297 1529 1561 1218 1609 1531 1178 1668 1966 1661 1139 1612 1758 1370 1069 1003 1119 1507 1606 1950 1501 1636 1248 1867 1825 1511 1224 1079 1136 1223 1505 1572 1759 1305 1805 1580 1735 1986 1520 1196 1380 1308 1832 1587 1838 1173 1036 1968 1824 1159 1527 1935 1956 1245 1773 1819 1149 1757 1516 1949 1155 1696 1867 1987 1937 BCNSPRNW ULIB Ver.6.0+V

เปลี่ยนเป็นภาษาไทย

Change to English
 แสดงรายละเอียดบรรณานุกรม
  กลับหน้าหลัก

Brief Record : Get Marc (ISO 2709) : E-mail record : QR code < ปิดหน้าต่าง
LEADER : 00000nam 2200000uu 4500
001    13399120565
003     ULIB
008    120927s2548||||th 000 0 tha d
020    ^a9749922085
050 04 ^aWY87^bก398จ 2548
100 0  ^aกัลยา นาคเพ็ชร์
245 00 ^aจิตวิทยาพัฒนาการสำหรับพยาบาล /^cบรรณาธิการ, กัลยา นาคเพ็ชร์, จุไร อภัยจิรรัตน์, สมพิศ ใยสุ่น
250    ^aพิมพ์ครั้งที่ 2
260    ^a[กรุงเทพ] :^bวิทยาลัยพยาบาลสภากาชาดไทย,^c2548
300    ^a240 หน้า :^bภาพประกอบ ;^c30 ซม.
650  7 ^aจิตวิทยาพัฒนาการ
650  7 ^aพยาบาล
700 0  ^aกัลยา นาคเพ็ชร์,^eบรรณาธิการ
700 0  ^aจุไร อภัยจิรรัตน์,^eบรรณาธิการ
700 0  ^aสมพิศ ใยสุ่น,^eบรรณาธิการ
710 2  ^aวิทยาลัยพยาบาลสภากาชาดไทย
945    ^p250^l0^i26624
945    ^p250^l0^i24665
995    ^aวิภา
999 ^a ใช้งานได้ทุกระบบ
รายการนี้ยังไม่มีแท็ก
คุณยังไม่ได้ล็อกอิน คุณสามารถมีกิจกรรมร่วมกับเว็บไซต์ได้ แต่ต้องล็อกอินก่อน ::
  ล็อกอิน

รายการสื่อสารสนเทศ

ลำดับที่ ประเภท เลขเรียก/บาร์โค้ด สถานที่ สถานะ
1. Book การพยาบาล
Book การพยาบาล
สถานะ=หนังสือเก่า
WY87 ก398จ 2548  
  Barcode: 24665
ห้องสมุดวิทยาเขตนครสวรรค์
►หนังสือทั่วไป:l:General Books
บนชั้น
2. วิทยาศาสตร์การแพทย์ และสุขภาพ
วิทยาศาสตร์การแพทย์ และสุขภาพ
สถานะ=หนังสือเก่า
WY87 ก398จ 2548 ฉ.2 
  Barcode: 26624
ห้องสมุดวิทยาเขตนครสวรรค์
►ส่วนจัดเก็บหนังสือเก่า นว.
บนชั้น
  ขอยืม

รายการใกล้เคียง
    ผู้แต่ง [กัลยา นาคเพ็ชร์]

    หัวเรื่อง [จิตวิทยาพัฒนาการ]
    หัวเรื่อง [พยาบาล]

BibComment


ยังไม่เคยถูกคอมเมนท์

คอมเมนท์ทรัพยากรรายการนี้
  คอมเมนท์: จิตวิทยาพัฒนาการ..


 Copyright 2026. Bcnsprnw @Library